Principal Cities of Washington - Statistics

General Stats
  • This quiz has been taken 15 times
  • The average score is 17 of 36
Answer Stats
Population Answer % Correct
737,015 Seattle
100%
228,989 Spokane
90%
219,346 Tacoma
90%
190,915 Vancouver
90%
151,854 Bellevue
80%
55,605 Olympia
80%
91,482 Bellingham
70%
110,629 Everett
70%
136,588 Kent
70%
96,968 Yakima
70%
102,976 Spokane Valley
60%
34,060 Walla Walla
60%
43,505 Bremerton
50%
83,921 Kennewick
50%
106,785 Renton
50%
60,560 Richland
50%
35,508 Wenatchee
50%
17,637 Anacortes
40%
87,256 Auburn
40%
35,219 Mount Vernon
40%
19,960 Port Angeles
40%
32,901 Pullman
40%
73,256 Redmond
40%
17,013 Aberdeen
30%
18,666 Ellensburg
30%
53,526 Lacey
30%
63,612 Lakewood
30%
37,818 Longview
30%
25,146 Moses Lake
30%
25,350 Tumwater
30%
18,183 Centralia
20%
24,622 Oak Harbor
20%
10,371 Shelton
20%
8,549 Othello
10%
15,587 Port Orchard
10%
20,733 Silverdale
0%
No matching quizzes found
Score Distribution
Percent of People with Each Score
Percentile by Number Answered
Your Score History
You have not taken this quiz